Nommez tous les pays qui ont un pays frontalier - Statistiques

Statistiques générales
  • Ce quiz a été pris 51 fois
    48 depuis la dernière actualisation
  • Le résultat moyen est 9 sur 15
Statistiques - réponses
Pays % Correct
Qatar
76%
Irlande
73%
Corée du Sud
69%
Lesotho
69%
Haïti
67%
Vatican
67%
Saint-Marin
64%
Portugal
62%
Monaco
60%
République dominicaine
60%
Brunei
56%
Gambie
53%
Chypre
51%
Timor Oriental
51%
Papouasie-Nouvelle-Guinée
49%
Aucun quiz correspondant
Distribution des résultats
% des personnes avec chaque résultat
Percentile par nombre de réponses
Votre historique - résultats
Vous n’avez pas pris ce quiz depuis la dernière actualisation